Normal view
MARC view
- Barker, Jessica
Entry Personal Name
001 - CONTROL NUMBER
- control field: 6673
003 - CONTROL NUMBER IDENTIFIER
- control field: JO-AjAnu
005 - DATE AND TIME OF LATEST TRANSACTION
- control field: 20230606071400.0
008 - FIXED-LENGTH DATA ELEMENTS
- fixed length control field: 230606|| aca||aabn | a|a d
040 ## - CATALOGING SOURCE
- Original cataloging agency: JO-AjAnu
- Transcribing agency: JO-AjAnu
100 ## - HEADING--PERSONAL NAME
- Personal name: Barker, Jessica
670 ## - SOURCE DATA FOUND
- Source citation: Work cat.: (JO-AjAnu)3457: Barker, Jessica, author, Confident Cyber Security: How to get started in Cyber Security and futureproof your Career